| 000 | 00435nam a2200157Ia 4500 | ||
|---|---|---|---|
| 008 | 240729s9999 xx 000 0 und d | ||
| 022 | _a2471-934X | ||
| 245 | 0 | _aJournal of Tolkien Research | |
| 260 | _aUnited States | ||
| 260 | _bValparaiso University | ||
| 650 | _a English literature | ||
| 650 | _aLanguage and Literature | ||
| 856 | _uhttps://doaj.org/toc/826ffb7396dc443b844ba542e9f29882 | ||
| 942 | _2ddc | ||
| 942 | _cDOAJEJ | ||
| 999 |
_c70629 _d70629 |
||
| 945 |
_a1 _bMadushi Gamage _c1 _dMadushi Gamage |
||